L'attesa della nuova eta alla fine del medioevo
Gespeichert in:
| 1. Verfasser: | |
|---|---|
| Format: | Buch |
| Sprache: | Italienisch |
| Veröffentlicht: |
Roma
Edizioni dell'Ateneo
1962
|
| Schlagworte: | |
| Tags: |
Tag hinzufügen
Keine Tags, Fügen Sie den ersten Tag hinzu!
|
MARC
| LEADER | 00000nam a2200000 a 4500 | ||
|---|---|---|---|
| 001 | UCY7816 | ||
| 003 | CL-VaPUC | ||
| 008 | 950622e19620000IT |||||||||||||||||ita|d | ||
| 082 | 0 | 4 | |a 940.1 |b MOR |2 21 |
| 100 | |a Morghen, Raffaello |e autore |9 344171 | ||
| 245 | 1 | 2 | |a L'attesa della nuova eta alla fine del medioevo |
| 300 | |a 127 p | ||
| 942 | |c BK | ||
| 945 | |d 19950622 00:00:00 |a rbrito | ||
| 260 | |a Roma |b Edizioni dell'Ateneo |c 1962 | ||
| 650 | 0 | |a Edad media |9 258041 | |
| 650 | 0 | |a Historia medieval |9 258042 | |
| 583 | |a last modification |c 19950622 00:00:00 |k Rodrigo Vera | ||
| 999 | |c 235124 |d 235122 | ||
| 952 | |0 0 |1 0 |4 0 |6 940_100000000000000_MOR_1962 |7 0 |8 A |9 242328 |a BIBHIS |b BIBHIS |d 2019-11-18 |i 3094510 |o 940.1 MOR 1962 |p 3094510 |r 2025-01-20 |w 2019-11-18 |y BK |k HIS | ||